• 首页
  • 本馆介绍
  • 公告通知
  • 最新文献
  • 馆藏检索
  • 电子资源
  • 读者导购
  • 参考咨询
  • 我的图书馆
  • 登录
  • 详细信息显示
  • 放入我的书架
  • 预约/预借图书
  • 作者相关作品
  • 分类相关作品
  • 丛书相关作品
  • 出版社相关作品

书目信息

  • 表格格式
  • 工作单格式
  • 卡片格式
题名:
中国新闻传播学说史
    
 
作者: 徐培汀 著
分册:  
出版信息: 重庆   重庆出版社  2006
页数: 11,525页
开本: 24cm
丛书名:
单 册:
中图分类: G210.92
科图分类:
主题词: 新闻学史--中国--1949~2005 , 新闻学史
电子资源:
ISBN: 7-5366-7738-3
000 00856nam0 2200241 450
001 003210280
005 20091221091642.33
010    @a7-5366-7738-3@dCNY53.00
100    @a20060618d2006 em y0chiy0110 ea
101 0  @achi
102    @aCN@b500000
105    @ay z 000yy
106    @ar
200 1  @a中国新闻传播学说史@9zhong guo xin wen chuan bo xue shuo shi@e1949-2005@f徐培汀著
210    @a重庆@c重庆出版社@d2006
215    @a11,525页@d24cm
330    @a本书主要论述新中国的新闻研究及新闻教育的发展过程,以及学术思想的演变、学术成就。内容包括建国初期的新闻学术研究、举步维艰的新闻改革与新闻学研究、对经典作家与党的领袖新闻思想的研究等。
606 0  @a新闻学史@y中国@z1949~2005
606 0  @a新闻学史
690    @aG210.92@v4
701  0 @a徐培汀@9xu pei ting@f(1932~)@4著
801  0 @aCN@bNLC@c20091221
905    @b20797797-801@dG210.92@e388@f5
    
    中国新闻传播学说史:1949-2005/徐培汀著.-重庆:重庆出版社,2006
    11,525页;24cm
    
    
    ISBN 7-5366-7738-3:CNY53.00
    本书主要论述新中国的新闻研究及新闻教育的发展过程,以及学术思想的演变、学术成就。内容包括建国初期的新闻学术研究、举步维艰的新闻改革与新闻学研究、对经典作家与党的领袖新闻思想的研究等。
●
相关链接 在E读中查询图书 在五车中查询图书 在当当中查询图书 在豆瓣中查询图书


正题名:中国新闻传播学说史     索取号:G210.92/388         预约/预借

序号 登录号 条形码 馆藏地/架位号 状态 备注
1 797797   207977974   第一样本阅览室/ [索取号:G210.92/388] 在馆    
2 797798   207977983   第四借阅区/ [索取号:G210.92/388] 在馆    
3 797799   207977992   第四借阅区/ [索取号:G210.92/388] 在馆    
4 797800   207978009   第四借阅区/ [索取号:G210.92/388] 在馆    
5 797801   207978018   密集书库-文学院/ [索取号:G210.92/388] 在馆    
唐山师范学院图书馆 欢迎您!
大连网信软件有限公司© 版权所有